000
00307nam a2200133Ia 4500
005
20260326100034.0
008
260326s9999||||xx |||||||||||||| ||und||
100
_a
Read, Herbert
245
0
_a
Educación por el Arte /
_c
Herbert Read
260
_b
Paidós
300
_a
300 p.
650
_a
ARTE
942
_c
BK
999
_c
6724
_d
6724